Trouvez le personnage historique #1 - Statistiques

Statistiques générales
  • Ce quiz a été pris 123 fois
  • Le résultat moyen est 5 sur 10
Statistiques - réponses
Par images Réponse % Correct
Napoléon Bonaparte
93%
Elvis Presley
84%
Winston Churchill
73%
Molière
71%
Néfertiti
65%
Ronald Reagan
59%
Jeanne d'Arc
39%
Louis XIV
30%
Ramsès II
29%
Bernard de Clairvaux
2%
Aucun quiz correspondant
Distribution des résultats
% des personnes avec chaque résultat
Percentile par nombre de réponses
Votre historique - résultats
Vous n’avez pas pris ce quiz